The Indian businessman,s guide to Africa / (Record no. 123563)

MARC details
000 -LEADER
fixed length control field 00702nam a22002297a 4500
005 - DATE AND TIME OF LATEST TRANSACTION
control field 20170124105927.0
010 ## - LIBRARY OF CONGRESS CONTROL NUMBER
LC control number A-707145
020 ## - INTERNATIONAL STANDARD BOOK NUMBER
Terms of availability 00.00
International Standard Book Number 8172400525
035 ## - SYSTEM CONTROL NUMBER
System control number A-707145
037 ## - SOURCE OF ACQUISITION
Source of stock number/acquisition Cen Lib/Ret
040 ## - CATALOGING SOURCE
Original cataloging agency DPL
Language of cataloging EN
082 ## - DEWEY DECIMAL CLASSIFICATION NUMBER
Classification number 382
Item number PAR
100 ## - MAIN ENTRY--PERSONAL NAME
Personal name Parthasarathy,N.
9 (RLIN) 6890
245 ## - TITLE STATEMENT
Title The Indian businessman,s guide to Africa /
Statement of responsibility, etc by N.Parthasarathy ...[et al.]
260 ## - PUBLICATION, DISTRIBUTION, ETC. (IMPRINT)
Place of publication, distribution, etc Delhi
Name of publisher, distributor, etc Global business press
Date of publication, distribution, etc 1994
270 ## - ADDRESS
Address 18-19,Dilshad Garden,G.T. road
City Delhi
Postal code 110095
300 ## - PHYSICAL DESCRIPTION
Extent xii,407p.
Dimensions 24cm(Hb)
650 ## - SUBJECT ADDED ENTRY--TOPICAL TERM
Topical term or geographic name as entry element Commerce
9 (RLIN) 73308
650 ## - SUBJECT ADDED ENTRY--TOPICAL TERM
Topical term or geographic name as entry element Business information
9 (RLIN) 6891
700 ## - ADDED ENTRY--PERSONAL NAME
Personal name Parthasarathy,N.
9 (RLIN) 6890
942 ## - ADDED ENTRY ELEMENTS (KOHA)
Source of classification or shelving scheme Dewey Decimal Classification
Koha item type English Books
Classification part 382
Call number suffix PAR
Holdings
Withdrawn status Lost status Damaged status Not for loan Home library Current library Date acquired Source of acquisition Cost, normal purchase price Total Checkouts Full call number Barcode Date last seen Copy number Cost, replacement price Price effective from Koha item type
        Central Library Central Library 08/06/2015 Cen Lib/Ret 0.00   382 PAR A-707145 08/06/2015 1 0.00 08/06/2015 English Books

© Delhi Public Library
Hit Counter
free hit counter